00315nam a2200109Ia 4500008004100000100001400041245009000055260002400145650001200169942000700181999001700188190216s9999||||xx |||||||||||||| ||und|| aGoodwin A 4aThe New Cambridge Modern History Vol Viii The American And French Revolations 1763-93 bCambridge Uty Press aHistory cBK c20108d20108